00378nam a2200145 a 4500008004100000020001500041050001500056100001800071245004500089250001200134260002800146350000900174650003400183650001500217120416s1999 ||||||||||||||||| || u a0333614453 aJN 112 Nug aNugent, Neill14aThe government and politics of the union a4th ed. aLondonbMacmillanc1999 a0.00 aGOVERNMENT--POLITICAL ASPECTS aGOVERNMENT